Bahnhöfe an der Berliner Nord-Süd-Bahn - Statistiken

Allgemein
  • Dieses Quiz wurde 87 mal gespielt
  • Das Durchschnittsergebnis liegt bei 8 aus 10
Antwortstatistiken
Bahnhof % Korrekt
Gesundbrunnen
90%
Friedrichstraße
89%
Potsdamer Platz
88%
Südkreuz
85%
Brandenburger Tor
82%
Nordbahnhof
75%
Anhalter Bahnhof
72%
Yorckstraße
72%
Oranienburger Straße
65%
Humboldthain
60%
Keine übereinstimmenden Quizze gefunden
Verteilung der Resultate
Anzahl Personen mit jedem Resultat
Perzentil nach korrekt beantworteten Fragen
Ihre Resultats-Entwicklung
Sie haben dieses Quiz noch nicht gespielt